Law and practice of securitisation and reconstruction of financial assets and enforcement of security interest (Record no. 29059)

MARC details
000 -LEADER
fixed length control field 00564nam a2200181Ia 4500
008 - FIXED-LENGTH DATA ELEMENTS--GENERAL INFORMATION
fixed length control field 230917s9999||||xx |||||||||||||| ||und||
020 ## - ISBN
Price RS3195
040 ## - CATALOGING SOURCE
-- 251440
Original cataloging agency VIVEKANANDA LIBRARY
041 ## - Language
-- English
082 ## - DDC NUMBER
Classification number 346.0922 C392L(8)
100 ## - MAIN ENTRY--PERSONAL NAME
Personal name Chaturvedi, R G
245 #0 - TITLE STATEMENT
Title Law and practice of securitisation and reconstruction of financial assets and enforcement of security interest
250 ## - EDITION STATEMENT
Edition statement 8th ed.
260 ## - PUBLICATION, DISTRIBUTION, ETC. (IMPRINT)
Place of publication, distribution, etc Jaipur
Name of publisher, distributor, etc Bharat Law Publications
Date of publication, distribution, etc 2018
300 ## - PHYSICAL DESCRIPTION
Pages 1976 p.
500 ## - GENERAL NOTE
General note 3329 28/11/2018 RKB18/2439 06/12/2018 Main Budget
942 ## - ADDED ENTRY ELEMENTS (KOHA)
Koha item type Books
Holdings
Withdrawn status Lost status Damaged status Not for loan Location (home branch) Sublocation or collection (holding branch) Date acquired Koha issues (times borrowed) Koha full call number Accession No. Koha date last seen Koha item type
        VIVEKANANDA LIBRARY VIVEKANANDA LIBRARY 09/01/2019   346.0922 C392L(8) 376071 17/09/2023 Books
        VIVEKANANDA LIBRARY VIVEKANANDA LIBRARY 09/01/2019   346.0922 C392L(8) 376072 17/09/2023 Books
        VIVEKANANDA LIBRARY VIVEKANANDA LIBRARY 09/01/2019   346.0922 C392L(8) 376073 17/09/2023 Books
© Designed and Maintained by Vivekananda Library, MDU Rohtak